=LDR 00000nam 2200000 4500 =001 INLIS000000000028390 =005 20130612130711 =008 ***********************************Ind** =035 ##$$0010-061300000028390 =041 ##$$a Ind =082 ##$$a 649.7 =090 ##$$a 649.7, Sid b =100 ##$$a Sidharta, Bunda Iffet Veceha =245 ##$$a Bundaku sayang, keluarga, Slank dan bangsa Indonesia, Bunda Iffet Veceha Sidharta =260 ##$$a 2004 $b Jakarta =300 ##$$a 156 hlm, 21 cm =850 ##$$a NBPNMAT